Balabish /

محفوظ في:

المؤلف الرئيسي: Wainwright, G. A. (مؤلف)

مؤلفون آخرون: Whittemore, Thomas,‎ 1800-1861.

التنسيق: كتاب

اللغة: English

سلاسل: EES excavation memoir ; 37.
EM ; 37.

الموضوعات:

الوسوم: إضافة وسم

لا توجد وسوم, كن أول من يضع وسما على هذه التسجيلة!

رقم الطلب: ( F )DT57 .E32 v.37

LEADER 01268namaa2200337 4500
001 16884
003 OSt
005 20210228105154.0
008 130303s1920 enkaf g b 001 0 eng d
952 |0 0  |1 0  |2 lcc  |3 V.37  |4 0  |7 1  |9 10740  |a ARCE  |b ARCE  |d 2021-02-28  |l 0  |o ( F )DT57 .E32 v.37  |p 1020134  |r 2021-02-28 00:00:00  |w 2021-02-28  |y BK 
999 |c 19285  |d 19285 
010 |a 25018994 
040 |c ARCE Library 
043 |a f-ua--- 
050 0 4 |a ( F )DT57 .E32 v.37 
100 1 |a Wainwright, G. A.  |q (Gerald Averay),  |e author  |9 41821 
245 1 0 |a Balabish /  |c by G. A. Wainwright ; with a preface by T. Whittemore, with twenty-five plates ; published under the direction of the committee. 
264 1 |a London :  |b G. Allen & Unwin, ltd.,  |c 1920. 
300 |a vi pages, 1 leave, 78 pages, 1 leave :  |b xxv plates (include tables) ;  |c 31 cm. 
336 |a text  |b txt  |2 rdacontent 
337 |a unmediated  |b n  |2 rdamedia 
338 |a volume  |b nc  |2 rdacarrier 
490 1 |a EES excavation memoir ;   |v 37. 
490 1 |a EM ;   |v 37. 
504 |a Includes bibliographical references and index. 
651 0 |a Balabish (Egypt)  |9 18896 
700 1 |a Whittemore, Thomas,‎   |d 1800-1861. 
830 0 |a EES excavation memoir ;   |v 37. 
830 0 |a EM ;   |v 37. 
901 |a reviewed 
942 |c BK  |2 lcc